000 00397nam a22001697a 4500
005 20180305141355.0
008 160524b xxu||||| |||| 00| 0 eng d
020 _a81-259-956-7
041 _aeng
082 _b4762
_a332.46
100 _aVaish, M.C.
_9262
245 _aMonetary Theory
260 _aNew Delhi
_bAcademic Faundation
300 _a638
650 _aManagement
_9241
942 _cBK
999 _c1615
_d1614